Conocimientos bs̀icos de comercio exterior para el Contador Pb︢lico

Bibliographic Details
Corporate Author: Instituto Mexicano de Contadores Pb︢licos
Format: eBook
Language:Spanish
Published: [Mx̌ico] : Instituto Mexicano de Contadores Pb︢licos, 2005
Subjects:
Online Access:Acceso restringido

MARC

LEADER 00000nam a22000007a 4500
005 20110923114550.0
008 110923s2005 mx |||||s|||| 00||0 spa d
020 |a 970-665-232-9 
035 |a 5395 
040 |a vLex 
090 |c 2549  |d 2549 
245 0 0 |a Conocimientos bs̀icos de comercio exterior para el Contador Pb︢lico  |h [Recurso electrn̤ico] 
256 |a Servicio en ln̕ea. 
260 |a [Mx̌ico] :  |b Instituto Mexicano de Contadores Pb︢licos,  |c 2005 
300 |a 1 recurso electrn̤ico 
506 1 |a Contenido solo disponible en los productos indicados  |d vLex Global  |d vLex Global (Academic Edition, excluding Law Schools)  |d vLex Global (U.S. Academic Edition, Law Schools)  |d vLex Global (U.S. Academic Edition, excluding Law Schools)  |d vLex Global (Academic Edition, Law Schools) 
650 0 4 |a Comercio internacional  |z Mx̌ico 
710 2 |a Instituto Mexicano de Contadores Pb︢licos  
740 0 |a vLex Libros (Servicio en ln̕ea) 
856 4 0 |u http://vlex.com/source/conocimientos-basicos-comercio-exterior-contador-publico-5395  |z Acceso restringido 
942 |c BOOK